00566nam a2200133 i 4500001000700000003000900007005001700016008004100033245015800074260007000232300002800302650004100330852006100371163143ES-MaACL20230906212701.0010606s1871 sp |||| | spa d00aReglamento orgánico y de contabilidad para el servicio de las oficinas de Administración Militar b: aprobado por Real Orden de 6 de febrero de 1871. aMadrid : b[s.n.], c1871 (fImp. de la Administración Militar) a76, [372] p. ; c30 cm. 4aAdministración militar-zEspaña. aES-MaACLjB-1148 z- Enc. hol. z- Donativo de San Jurjo